<?xml version="1.0" encoding="UTF-8"?><?xml-stylesheet type="text/xsl" href="static/style.xsl"?><OAI-PMH xmlns="http://www.openarchives.org/OAI/2.0/" xmlns:xsi="http://www.w3.org/2001/XMLSchema-instance" xsi:schemaLocation="http://www.openarchives.org/OAI/2.0/ http://www.openarchives.org/OAI/2.0/OAI-PMH.xsd"><responseDate>2026-04-14T04:23:58Z</responseDate><request verb="GetRecord" identifier="oai:www.recercat.cat:2072/96999" metadataPrefix="marc">https://recercat.cat/oai/request</request><GetRecord><record><header><identifier>oai:recercat.cat:2072/96999</identifier><datestamp>2024-12-13T11:05:23Z</datestamp><setSpec>com_2072_96875</setSpec><setSpec>com_2072_96852</setSpec><setSpec>com_2072_2015</setSpec><setSpec>col_2072_96878</setSpec></header><metadata><record xmlns="http://www.loc.gov/MARC21/slim" xmlns:dcterms="http://purl.org/dc/terms/" xmlns:xsi="http://www.w3.org/2001/XMLSchema-instance" xmlns:doc="http://www.lyncode.com/xoai" xsi:schemaLocation="http://www.loc.gov/MARC21/slim http://www.loc.gov/standards/marcxml/schema/MARC21slim.xsd">
   <leader>00925njm 22002777a 4500</leader>
   <datafield ind2=" " ind1=" " tag="042">
      <subfield code="a">dc</subfield>
   </datafield>
   <datafield ind2=" " ind1=" " tag="720">
      <subfield code="a">Pérez Hidalgo, Anna</subfield>
      <subfield code="e">author</subfield>
   </datafield>
   <datafield ind2=" " ind1=" " tag="720">
      <subfield code="a">Riera Barsallo, Patricia</subfield>
      <subfield code="e">author</subfield>
   </datafield>
   <datafield ind2=" " ind1=" " tag="520">
      <subfield code="a">En aquesta comunicació, farem un repàs dels continguts digitals que actualment conformen el fons de la Biblioteca de la UOC. Parlar de continguts digitals a la Biblioteca de la UOC implica necessàriament recordar que la nostra biblioteca es defineix a si mateixa com a virtual, una virtualitat caracteritzada per la possibilitat oferta als nostres usuaris d'accedir remotament a continguts i serveis bibliotecaris, en què es combinen notícies bibliogràfiques, textos electrònics, bancs d'imatges i tota mena d'informacions per mitjà d'una xarxa telemàtica. La relació entre continguts digitals i virtualitat és, evidentment, directa: els serveis que s'ofereixen virtualment es fan sobre la base de documents digitals i, al mateix temps, aquests serveis virtuals també generen documents electrònics.</subfield>
   </datafield>
   <datafield ind2=" " ind1=" " tag="520">
      <subfield code="a">En esta comunicación, haremos un repaso de los contenidos digitales que actualmente conforman el fondo de la Biblioteca de la UOC. Hablar de contenidos digitales en la Biblioteca de la UOC implica necesariamente recordar que nuestra biblioteca se define a sí misma como virtual, una virtualidad caracterizada por la posibilidad que se ofrece a nuestros usuarios de acceder remotamente a contenidos y servicios bibliotecarios, en los que se combinan noticias bibliográficas, textos electrónicos, bancos de imágenes y todo tipo de informaciones por medio de una red telemática. La relación entre contenidos digitales y virtualidad es, evidentemente directa: los servicios que se ofrecen virtualmente se hacen sobre la base de documentos digitales y, al mismo tiempo, estos servicios virtuales también generan documentos electrónicos.</subfield>
   </datafield>
   <datafield ind2=" " ind1=" " tag="520">
      <subfield code="a">In this paper, we will review the digital contents that currently make up the collection of the UOC Library. Speaking of digital contents in the UOC Library necessarily entails keeping in mind that our library defines itself as virtual, a virtuality characterized by the possibility offered to our users of remote access to contents and library services, which combine bibliographic references, electronic texts, image banks and all type of information through a telecommunications net. The relationship between digital contents and virtuality is clearly direct: services that are offered virtually based on digital documents and, at the same time, these virtual services also generate electronic documents.</subfield>
   </datafield>
   <datafield ind1="8" ind2=" " tag="024">
      <subfield code="a">http://hdl.handle.net/10609/314</subfield>
   </datafield>
   <datafield tag="653" ind2=" " ind1=" ">
      <subfield code="a">Universitat Oberta de Catalunya. Biblioteca</subfield>
   </datafield>
   <datafield tag="653" ind2=" " ind1=" ">
      <subfield code="a">Digital libraries</subfield>
   </datafield>
   <datafield tag="653" ind2=" " ind1=" ">
      <subfield code="a">Academic libraries</subfield>
   </datafield>
   <datafield tag="653" ind2=" " ind1=" ">
      <subfield code="a">Electronic information resources</subfield>
   </datafield>
   <datafield tag="653" ind2=" " ind1=" ">
      <subfield code="a">Distance education</subfield>
   </datafield>
   <datafield tag="653" ind2=" " ind1=" ">
      <subfield code="a">Universitat Oberta de Catalunya. Biblioteca</subfield>
   </datafield>
   <datafield tag="653" ind2=" " ind1=" ">
      <subfield code="a">Biblioteques digitals</subfield>
   </datafield>
   <datafield tag="653" ind2=" " ind1=" ">
      <subfield code="a">Biblioteques universitàries</subfield>
   </datafield>
   <datafield tag="653" ind2=" " ind1=" ">
      <subfield code="a">Recursos electrònics</subfield>
   </datafield>
   <datafield tag="653" ind2=" " ind1=" ">
      <subfield code="a">Ensenyament a distància</subfield>
   </datafield>
   <datafield tag="653" ind2=" " ind1=" ">
      <subfield code="a">Universitat Oberta de Catalunya. Biblioteca</subfield>
   </datafield>
   <datafield tag="653" ind2=" " ind1=" ">
      <subfield code="a">Bibliotecas digitales</subfield>
   </datafield>
   <datafield tag="653" ind2=" " ind1=" ">
      <subfield code="a">Biblioteques universitàries</subfield>
   </datafield>
   <datafield tag="653" ind2=" " ind1=" ">
      <subfield code="a">Recursos de información electrónicos</subfield>
   </datafield>
   <datafield tag="653" ind2=" " ind1=" ">
      <subfield code="a">Enseñanza a distancia</subfield>
   </datafield>
   <datafield ind2="0" ind1="0" tag="245">
      <subfield code="a">La Biblioteca de la UOC : continguts digitals per a una biblioteca virtual</subfield>
   </datafield>
</record></metadata></record></GetRecord></OAI-PMH>